| 000 | 00567cas a22001815a 4500 | ||
|---|---|---|---|
| 001 | L249 | ||
| 008 | 070619c1986 xxkqr ps 0 a0eng | ||
| 022 | 1 | _a0269-7459 | |
| 035 | _a(Sirsi) u98887 | ||
| 041 | 0 | _aeng | |
| 245 | 0 | 0 | _aPlanning Practice and Research |
| 260 |
_aAbingdon _bCarfax Publishing Company _c1986- |
||
| 651 | 4 |
_aEngland and Wales _y1543- |
|
| 690 |
_aPlanning and development _96259 |
||
| 856 | 4 | 1 |
_uhttps://www.rics.org/profession-standards/knowledge-and-information-services _zHow to aqccess eJournals |
| 942 |
_n0 _2ddc |
||
| 948 | _c16/08/1994 | ||
| 999 |
_c118561 _d118561 |
||